[Event "DVM U16w 2023"]
[Site "Magdeburg GER"]
[Date "2023.12.30"]
[Round "7"]
[White "Modali, Nikhilamrutha"]
[Black "Grigoryan, Nare"]
[Result "1-0"]
[Termination "normal"]
[Board "6.2"]
[WhiteElo "1281"]
[BlackElo "1341"]
[WhiteClock "00:31:00"]
[BlackClock "00:41:26"]
[WhiteTeam "Hamburger SK 1830"]
[BlackTeam "SC Weisse Dame"]
[PlyCount "121"]
[WhiteFideId "16282370"]
[BlackFideId "34620702"]
[EventCountry "GER"]
[EventRounds "7"]
[EventType "team-swiss"]
[EventDate "2023.12.26"]

1. e4 {[%clk 01:30:56]} {[%emt 00:00:03]} e5 {[%clk 01:30:55]} {[%emt
00:00:07]} 2. Nf3 {[%clk 01:31:23]} {[%emt 00:00:03]} Nc6 {[%clk 01:31:18]}
{[%emt 00:00:07]} 3. Bc4 {[%clk 01:31:50]} {[%emt 00:00:04]} Nf6 {[%clk
01:31:42]} {[%emt 00:00:05]} 4. Ng5 {[%clk 01:32:15]} {[%emt 00:00:05]} d5
{[%clk 01:32:07]} {[%emt 00:00:05]} 5. exd5 {[%clk 01:32:41]} {[%emt 00:00:04]}
b5 {[%clk 01:32:30]} {[%emt 00:00:07]} 6. Bf1 {[%clk 01:33:02]} {[%emt
00:00:09]} Qxd5 {[%clk 01:21:07]} {[%emt 00:11:53]} 7. Nc3 {[%clk 01:31:13]}
{[%emt 00:02:19]} Qd7 {[%clk 01:18:31]} {[%emt 00:02:58]} 8. Bxb5 {[%clk
01:24:31]} {[%emt 00:07:20]} Bb7 {[%clk 01:04:41]} {[%emt 00:14:18]} 9. d3
{[%clk 01:15:29]} {[%emt 00:09:34]} h6 {[%clk 00:58:25]} {[%emt 00:06:46]} 10.
Nge4 {[%clk 01:13:32]} {[%emt 00:02:28]} Qe6 {[%clk 00:52:22]} {[%emt
00:06:29]} 11. Qf3 {[%clk 01:00:57]} {[%emt 00:13:08]} Nd7 {[%clk 00:44:00]}
{[%emt 00:08:50]} 12. Bc4 {[%clk 00:46:49]} {[%emt 00:14:40]} Qg6 {[%clk
00:37:59]} {[%emt 00:06:28]} 13. Nb5 {[%clk 00:20:24]} {[%emt 00:26:58]} Nd4
{[%clk 00:26:38]} {[%emt 00:11:51]} 14. Nxd4 {[%clk 00:16:15]} {[%emt
00:04:39]} exd4 {[%clk 00:26:24]} {[%emt 00:00:44]} 15. Nf6+ {[%clk 00:14:44]}
{[%emt 00:02:01]} Qxf6 {[%clk 00:25:45]} {[%emt 00:01:09]} 16. Qxb7 {[%clk
00:15:07]} {[%emt 00:00:07]} Rb8 {[%clk 00:20:43]} {[%emt 00:05:28]} 17. Qxc7
{[%clk 00:13:05]} {[%emt 00:02:36]} Bb4+ {[%clk 00:18:26]} {[%emt 00:02:46]}
18. Kf1 {[%clk 00:12:10]} {[%emt 00:01:26]} Qe7 {[%clk 00:16:48]} {[%emt
00:02:04]} 19. Bf4 {[%clk 00:12:00]} {[%emt 00:00:43]} O-O {[%clk 00:16:47]}
{[%emt 00:00:31]} 20. g3 {[%clk 00:11:17]} {[%emt 00:01:13]} g5 {[%clk
00:14:08]} {[%emt 00:03:09]} 21. a3 {[%clk 00:10:27]} {[%emt 00:01:20]} gxf4
{[%clk 00:12:01]} {[%emt 00:02:37]} 22. axb4 {[%clk 00:10:46]} {[%emt
00:00:12]} f3 {[%clk 00:12:22]} {[%emt 00:00:08]} 23. Re1 {[%clk 00:10:30]}
{[%emt 00:00:45]} Qd8 {[%clk 00:11:57]} {[%emt 00:00:55]} 24. Qf4 {[%clk
00:10:34]} {[%emt 00:00:26]} Rxb4 {[%clk 00:11:37]} {[%emt 00:00:49]} 25. Qxf3
{[%clk 00:10:27]} {[%emt 00:00:38]} Rxb2 {[%clk 00:11:23]} {[%emt 00:00:44]}
26. Qg4+ {[%clk 00:10:46]} {[%emt 00:00:11]} Qg5 {[%clk 00:11:37]} {[%emt
00:00:16]} 27. Qxd7 {[%emt 00:01:17]} Rxc2 {[%clk 00:11:38]} {[%emt 00:00:24]}
28. Bxf7+ {[%clk 00:07:59]} {[%emt 00:02:37]} Rxf7 {[%clk 00:11:30]} {[%emt
00:00:38]} 29. Re8+ {[%clk 00:08:15]} {[%emt 00:00:14]} Kg7 {[%clk 00:11:46]}
{[%emt 00:00:15]} 30. Qxd4+ {[%clk 00:08:38]} {[%emt 00:00:06]} Qf6 {[%clk
00:11:50]} {[%emt 00:00:23]} 31. Qg4+ {[%clk 00:08:27]} {[%emt 00:00:43]} Qg5
{[%clk 00:11:40]} {[%emt 00:00:41]} 32. Qxg5+ {[%clk 00:07:29]} {[%emt
00:01:29]} hxg5 {[%clk 00:12:02]} {[%emt 00:00:08]} 33. Re2 {[%clk 00:07:52]}
{[%emt 00:00:07]} Rc8 {[%clk 00:11:15]} {[%emt 00:01:16]} 34. Kg2 {[%clk
00:08:01]} {[%emt 00:00:20]} Ra8 {[%clk 00:11:33]} {[%emt 00:00:14]} 35. d4
{[%clk 00:08:11]} {[%emt 00:00:20]} Rd7 {[%clk 00:11:19]} {[%emt 00:00:43]} 36.
Rd1 {[%clk 00:08:25]} {[%emt 00:00:17]} a5 {[%clk 00:11:36]} {[%emt 00:00:13]}
37. d5 {[%clk 00:08:24]} {[%emt 00:00:31]} a4 {[%clk 00:11:42]} {[%emt
00:00:24]} 38. Ra2 {[%clk 00:06:53]} {[%emt 00:02:00]} Kf6 {[%emt 00:00:42]}
39. Rd4 {[%emt 00:02:04]} Ra5 {[%clk 00:10:00]} {[%emt 00:00:58]} 40. Raxa4
Raxd5 {[%emt 00:02:26]} 41. Ra6+ {[%emt 00:00:18]} Kf5 {[%clk 00:10:11]} {[%emt
00:00:02]} 42. g4+ {[%clk 00:04:25]} {[%emt 00:01:27]} Ke5 {[%clk 00:08:48]}
{[%emt 00:01:52]} 43. Rxd5+ {[%clk 00:29:44]} {[%emt 00:05:12]} Rxd5 {[%clk
00:38:50]} {[%emt 00:00:28]} 44. Kg3 {[%clk 00:28:08]} {[%emt 00:02:06]} Ke4
{[%emt 00:02:46]} 45. Re6+ {[%clk 00:26:00]} {[%emt 00:02:37]} Re5 {[%clk
00:36:31]} {[%emt 00:00:36]} 46. Rxe5+ {[%clk 00:26:14]} {[%emt 00:00:15]} Kxe5
{[%emt 00:00:06]} 47. h4 {[%clk 00:26:35]} {[%emt 00:00:07]} gxh4+ {[%clk
00:37:10]} {[%emt 00:00:17]} 48. Kxh4 {[%clk 00:26:59]} {[%emt 00:00:07]} Kf4
{[%clk 00:37:35]} {[%emt 00:00:05]} 49. f3 {[%clk 00:26:55]} {[%emt 00:00:33]}
Kxf3 {[%emt 00:00:12]} 50. g5 Ke4 {[%clk 00:37:51]} {[%emt 00:00:36]} 51. g6
{[%clk 00:27:43]} {[%emt 00:00:08]} Kd4 {[%emt 00:00:08]} 52. g7 {[%clk
00:28:08]} {[%emt 00:00:04]} Kc3 {[%clk 00:38:37]} {[%emt 00:00:07]} 53. g8=Q
{[%clk 00:28:32]} {[%emt 00:00:06]} Kb2 {[%clk 00:38:47]} {[%emt 00:00:19]} 54.
Qc4 {[%clk 00:28:53]} {[%emt 00:00:10]} Ka1 {[%clk 00:39:02]} {[%emt 00:00:14]}
55. Qb4 {[%clk 00:29:09]} {[%emt 00:00:14]} Ka2 {[%clk 00:39:28]} {[%emt
00:00:05]} 56. Kg3 {[%clk 00:29:34]} {[%emt 00:00:04]} Ka1 {[%clk 00:39:54]}
{[%emt 00:00:05]} 57. Kf2 {[%clk 00:29:58]} {[%emt 00:00:07]} Ka2 {[%emt
00:00:05]} 58. Ke2 {[%clk 00:30:24]} {[%emt 00:00:02]} Ka1 {[%clk 00:40:44]}
{[%emt 00:00:05]} 59. Kd2 {[%clk 00:30:48]} {[%emt 00:00:05]} Ka2 {[%clk
00:41:04]} {[%emt 00:00:12]} 60. Kc2 {[%clk 00:31:08]} {[%emt 00:00:09]} Ka1
{[%clk 00:41:26]} {[%emt 00:00:09]} 61. Qb2# {[%clk 00:31:00]} {[%emt
00:00:05]} 1-0

[Event "DVM U16w 2023"]
[Site "Magdeburg GER"]
[Date "2023.12.30"]
[Round "7"]
[White "Bauer, Sophia"]
[Black "Krasikova, Milana"]
[Result "0-1"]
[Termination "normal"]
[Board "6.3"]
[WhiteElo "1121"]
[BlackElo "1290"]
[WhiteClock "00:34:00"]
[BlackClock "00:24:28"]
[WhiteTeam "SC Weisse Dame"]
[BlackTeam "Hamburger SK 1830"]
[PlyCount "142"]
[WhiteFideId "34620583"]
[BlackFideId "16287347"]
[EventCountry "GER"]
[EventRounds "7"]
[EventType "team-swiss"]
[EventDate "2023.12.26"]

1. e4 {[%clk 01:30:59]} {[%emt 00:00:01]} e5 {[%clk 01:30:55]} {[%emt
00:00:05]} 2. Nf3 {[%clk 01:31:26]} {[%emt 00:00:03]} Nc6 {[%clk 01:31:17]}
{[%emt 00:00:07]} 3. Nc3 {[%clk 01:31:54]} {[%emt 00:00:03]} Nf6 {[%clk
01:31:36]} {[%emt 00:00:12]} 4. d4 {[%clk 01:32:18]} {[%emt 00:00:05]} exd4
{[%clk 01:30:14]} {[%emt 00:01:50]} 5. Nxd4 {[%clk 01:32:41]} {[%emt 00:00:09]}
Bc5 {[%clk 01:23:22]} {[%emt 00:07:21]} 6. Be3 {[%clk 01:32:11]} {[%emt
00:01:00]} Bb6 {[%clk 01:13:41]} {[%emt 00:10:11]} 7. Nxc6 {[%clk 01:31:18]}
{[%emt 00:01:24]} bxc6 {[%clk 01:12:39]} {[%emt 00:01:31]} 8. Qf3 {[%clk
01:29:42]} {[%emt 00:02:04]} d5 {[%clk 01:01:10]} {[%emt 00:12:01]} 9. Bxb6
{[%clk 01:25:00]} {[%emt 00:05:12]} axb6 {[%clk 00:56:28]} {[%emt 00:05:12]}
10. exd5 {[%clk 01:23:39]} {[%emt 00:01:52]} cxd5 {[%clk 00:54:42]} {[%emt
00:02:17]} 11. Qe3+ {[%clk 01:20:22]} {[%emt 00:03:48]} Be6 {[%clk 00:53:39]}
{[%emt 00:01:32]} 12. Bb5+ {[%clk 01:19:51]} {[%emt 00:00:58]} Kf8 {[%clk
00:52:19]} {[%emt 00:01:51]} 13. O-O-O {[%clk 01:16:38]} {[%emt 00:03:43]} c5
{[%clk 00:48:43]} {[%emt 00:04:06]} 14. Na4 {[%clk 01:02:51]} {[%emt 00:14:18]}
g6 {[%clk 00:35:24]} {[%emt 00:13:49]} 15. Qe5 {[%clk 00:56:18]} {[%emt
00:07:02]} Kg7 {[%clk 00:27:37]} {[%emt 00:08:18]} 16. b3 {[%clk 00:50:56]}
{[%emt 00:05:52]} h6 {[%clk 00:18:31]} {[%emt 00:09:37]} 17. h3 {[%clk
00:46:16]} {[%emt 00:05:09]} Kh7 {[%clk 00:16:31]} {[%emt 00:02:30]} 18. f4
{[%clk 00:39:58]} {[%emt 00:06:48]} Ne8 {[%clk 00:11:04]} {[%emt 00:05:58]} 19.
g4 {[%clk 00:35:34]} {[%emt 00:04:52]} Ng7 {[%clk 00:06:04]} {[%emt 00:05:32]}
20. Kb1 {[%clk 00:26:39]} {[%emt 00:09:24]} f6 {[%clk 00:05:47]} {[%emt
00:00:49]} 21. Qe3 {[%clk 00:24:47]} {[%emt 00:02:20]} Qd6 {[%clk 00:05:34]}
{[%emt 00:00:43]} 22. Rhe1 {[%clk 00:22:06]} {[%emt 00:03:10]} Ra5 {[%clk
00:05:33]} {[%emt 00:00:32]} 23. Bd3 {[%clk 00:21:36]} {[%emt 00:00:59]} Re8
{[%clk 00:05:12]} {[%emt 00:00:52]} 24. g5 {[%clk 00:17:46]} {[%emt 00:04:18]}
Bd7 {[%clk 00:04:48]} {[%emt 00:00:56]} 25. Qf3 {[%clk 00:15:40]} {[%emt
00:02:35]} Bxa4 {[%clk 00:04:43]} {[%emt 00:00:35]} 26. bxa4 {[%clk 00:14:39]}
{[%emt 00:01:31]} Rxa4 {[%clk 00:04:41]} {[%emt 00:00:33]} 27. Rxe8 {[%clk
00:14:40]} {[%emt 00:00:28]} Nxe8 {[%clk 00:05:02]} {[%emt 00:00:09]} 28. gxh6
{[%clk 00:13:43]} {[%emt 00:01:28]} Rxf4 {[%clk 00:04:47]} {[%emt 00:00:45]}
29. Qg2 {[%clk 00:12:59]} {[%emt 00:01:13]} Rb4+ {[%clk 00:04:54]} {[%emt
00:00:23]} 30. Kc1 {[%clk 00:12:45]} {[%emt 00:00:44]} f5 {[%clk 00:04:41]}
{[%emt 00:00:45]} 31. Qg5 {[%clk 00:09:57]} {[%emt 00:03:17]} Qf4+ {[%clk
00:04:27]} {[%emt 00:00:44]} 32. Qxf4 {[%clk 00:10:15]} {[%emt 00:00:11]} Rxf4
{[%clk 00:04:53]} {[%emt 00:00:04]} 33. Re1 {[%clk 00:09:26]} {[%emt 00:01:18]}
Nf6 {[%clk 00:04:09]} {[%emt 00:01:15]} 34. Re6 {[%clk 00:09:36]} {[%emt
00:00:20]} Ne4 {[%clk 00:03:58]} {[%emt 00:00:41]} 35. Rxb6 {[%clk 00:09:32]}
{[%emt 00:00:33]} Rh4 {[%clk 00:03:42]} {[%emt 00:00:47]} 36. a4 {[%clk
00:07:28]} {[%emt 00:02:34]} Nf2 {[%clk 00:02:10]} {[%emt 00:02:02]} 37. a5
{[%clk 00:07:03]} {[%emt 00:00:55]} Nxd3+ {[%clk 00:02:20]} {[%emt 00:00:19]}
38. cxd3 {[%clk 00:07:29]} {[%emt 00:00:04]} Rxh3 {[%clk 00:01:38]} {[%emt
00:01:13]} 39. Rb3 {[%clk 00:06:34]} {[%emt 00:01:25]} Rh1+ {[%clk 00:01:50]}
{[%emt 00:00:19]} 40. Kb2 {[%clk 00:06:37]} {[%emt 00:00:26]} Rh2+ {[%clk
00:01:59]} {[%emt 00:00:22]} 41. Ka3 {[%clk 00:06:42]} {[%emt 00:00:24]} f4
{[%clk 00:01:11]} {[%emt 00:01:19]} 42. a6 {[%clk 00:06:47]} {[%emt 00:00:24]}
f3 {[%clk 00:01:30]} {[%emt 00:00:12]} 43. a7 {[%clk 00:06:47]} {[%emt
00:00:28]} f2 {[%clk 00:29:18]} {[%emt 00:02:43]} 44. a8=Q {[%clk 00:37:09]}
{[%emt 00:00:08]} f1=Q {[%emt 00:00:19]} 45. Rb7+ {[%emt 00:00:15]} Kxh6 {[%clk
00:28:07]} {[%emt 00:01:09]} 46. Qh8+ {[%clk 00:37:19]} {[%emt 00:00:20]} Kg5
{[%clk 00:28:17]} {[%emt 00:00:20]} 47. Qxh2 {[%clk 00:37:12]} {[%emt
00:00:36]} Qa1+ {[%clk 00:27:21]} {[%emt 00:01:26]} 48. Qa2 {[%clk 00:37:13]}
{[%emt 00:00:28]} Qc3+ {[%clk 00:25:50]} {[%emt 00:02:02]} 49. Ka4 {[%clk
00:33:05]} {[%emt 00:04:38]} Qd4+ {[%clk 00:24:50]} {[%emt 00:01:31]} 50. Kb5
{[%clk 00:32:09]} {[%emt 00:01:25]} Qxd3+ {[%clk 00:22:36]} {[%emt 00:02:43]}
51. Kxc5 {[%clk 00:32:20]} {[%emt 00:00:20]} Qc3+ {[%clk 00:21:40]} {[%emt
00:01:27]} 52. Kb5 {[%clk 00:31:07]} {[%emt 00:01:41]} Qd3+ {[%clk 00:21:41]}
{[%emt 00:00:31]} 53. Ka4 {[%clk 00:31:10]} {[%emt 00:00:25]} Qa6+ {[%clk
00:20:39]} {[%emt 00:01:32]} 54. Kb3 {[%clk 00:30:41]} {[%emt 00:00:59]} Qxb7+
{[%clk 00:20:57]} {[%emt 00:00:12]} 55. Kc3 {[%clk 00:30:33]} {[%emt 00:00:38]}
Qc6+ {[%clk 00:19:55]} {[%emt 00:01:33]} 56. Kd4 {[%clk 00:30:12]} {[%emt
00:00:50]} Qc4+ {[%clk 00:20:00]} {[%emt 00:00:25]} 57. Qxc4 {[%clk 00:30:28]}
{[%emt 00:00:15]} dxc4 {[%clk 00:20:24]} {[%emt 00:00:05]} 58. Kxc4 {[%clk
00:30:53]} {[%emt 00:00:06]} Kf4 {[%clk 00:20:48]} {[%emt 00:00:06]} 59. Kd4
{[%clk 00:31:00]} {[%emt 00:00:22]} Kf3 {[%clk 00:20:41]} {[%emt 00:00:37]} 60.
Kd3 {[%clk 00:30:55]} {[%emt 00:00:35]} g5 {[%clk 00:20:48]} {[%emt 00:00:23]}
61. Kd4 {[%clk 00:31:00]} {[%emt 00:00:26]} g4 {[%clk 00:21:09]} {[%emt
00:00:10]} 62. Ke5 {[%clk 00:31:15]} {[%emt 00:00:13]} g3 {[%clk 00:21:34]}
{[%emt 00:00:06]} 63. Kd4 {[%clk 00:31:35]} {[%emt 00:00:09]} g2 {[%clk
00:21:59]} {[%emt 00:00:05]} 64. Kd3 {[%clk 00:31:54]} {[%emt 00:00:11]} g1=Q
{[%clk 00:22:21]} {[%emt 00:00:08]} 65. Kc3 {[%clk 00:32:14]} {[%emt 00:00:11]}
Qd1 {[%clk 00:22:35]} {[%emt 00:00:16]} 66. Kb2 {[%clk 00:32:34]} {[%emt
00:00:08]} Ke3 {[%clk 00:22:47]} {[%emt 00:00:20]} 67. Kc3 {[%clk 00:32:52]}
{[%emt 00:00:11]} Qc1+ {[%clk 00:23:06]} {[%emt 00:00:12]} 68. Kb4 {[%clk
00:33:08]} {[%emt 00:00:14]} Kd3 {[%clk 00:23:23]} {[%emt 00:00:13]} 69. Kb3
{[%clk 00:33:27]} {[%emt 00:00:10]} Qb1+ {[%clk 00:23:47]} {[%emt 00:00:06]}
70. Ka4 {[%clk 00:33:41]} {[%emt 00:00:17]} Kc4 {[%clk 00:24:02]} {[%emt
00:00:16]} 71. Ka3 {[%clk 00:34:00]} {[%emt 00:00:11]} Qb3# {[%clk 00:24:28]}
{[%emt 00:00:04]} 0-1

[Event "DVM U16w 2023"]
[Site "Magdeburg GER"]
[Date "2023.12.30"]
[Round "7"]
[White "Einacker, Anika"]
[Black "Kremling, Alamea"]
[Result "1-0"]
[Termination "normal"]
[Board "6.4"]
[WhiteElo "1211"]
[BlackElo "1006"]
[WhiteClock "00:28:35"]
[BlackClock "00:00:47"]
[WhiteTeam "Hamburger SK 1830"]
[BlackTeam "SC Weisse Dame"]
[PlyCount "81"]
[WhiteFideId "34620591"]
[BlackFideId "34630228"]
[EventCountry "GER"]
[EventRounds "7"]
[EventType "team-swiss"]
[EventDate "2023.12.26"]

1. e4 {[%clk 01:30:57]} {[%emt 00:00:02]} e5 {[%clk 01:30:55]} {[%emt
00:00:07]} 2. Nf3 {[%clk 01:31:23]} {[%emt 00:00:04]} Nc6 {[%clk 01:31:13]}
{[%emt 00:00:08]} 3. Bc4 {[%clk 01:31:47]} {[%emt 00:00:09]} Be7 {[%clk
01:30:15]} {[%emt 00:01:27]} 4. c3 {[%clk 01:30:57]} d6 {[%clk 01:29:34]}
{[%emt 00:02:33]} 5. O-O {[%clk 01:30:23]} Nf6 {[%clk 01:27:53]} {[%emt
00:03:14]} 6. Re1 {[%clk 01:29:00]} Be6 {[%clk 01:24:48]} {[%emt 00:05:28]} 7.
Bb3 {[%clk 01:28:59]} d5 {[%clk 01:20:57]} {[%emt 00:04:51]} 8. exd5 {[%clk
01:26:56]} Bxd5 {[%clk 01:17:40]} {[%emt 00:06:20]} 9. Nxe5 {[%clk 01:26:03]}
Nxe5 {[%clk 01:16:01]} {[%emt 00:03:32]} 10. Rxe5 {[%clk 01:24:58]} O-O {[%clk
01:09:57]} {[%emt 00:08:08]} 11. Bxd5 {[%clk 01:19:20]} Nxd5 {[%clk 01:10:07]}
{[%emt 00:06:29]} 12. Qf3 {[%clk 01:18:00]} c6 {[%clk 01:08:48]} {[%emt
00:03:40]} 13. d4 {[%clk 01:12:32]} Bd6 {[%clk 01:06:49]} {[%emt 00:08:27]} 14.
Re1 {[%clk 01:03:53]} Re8 {[%clk 01:06:49]} 15. Rxe8+ {[%clk 01:03:53]} Qxe8
{[%clk 01:04:13]} {[%emt 00:14:10]} 16. Qd1 {[%clk 00:59:37]} Qe7 {[%clk
00:59:29]} {[%emt 00:09:05]} 17. Nd2 {[%clk 00:59:12]} Re8 {[%clk 00:59:29]}
18. Nf3 {[%clk 00:59:12]} a6 {[%clk 00:59:29]} 19. c4 {[%clk 00:59:12]} Nf6
{[%clk 00:59:29]} 20. b3 {[%clk 00:59:12]} Bb4 {[%clk 00:59:29]} 21. Bd2 {[%clk
00:46:48]} {[%emt 00:31:48]} Ba3 {[%clk 00:44:26]} 22. Qe1 {[%clk 00:42:00]}
{[%emt 00:06:20]} Qd6 {[%clk 00:39:16]} 23. Be3 {[%clk 00:42:00]} c5 {[%clk
00:39:16]} 24. d5 {[%clk 00:42:00]} Ne4 {[%clk 00:39:16]} 25. Qf1 {[%clk
00:42:00]} Bb2 {[%clk 00:39:16]} 26. Rb1 {[%clk 00:42:00]} Bf6 {[%clk
00:39:16]} 27. Bd2 {[%clk 00:42:00]} Be5 {[%clk 00:39:16]} 28. Qd3 {[%clk
00:42:00]} Nxd2 {[%clk 00:39:16]} 29. Qxd2 {[%clk 00:42:00]} Bf4 {[%clk
00:39:16]} 30. Qa5 {[%clk 00:42:00]} h6 {[%clk 00:14:16]} {[%emt 01:09:12]} 31.
g3 {[%clk 00:10:21]} {[%emt 00:01:39]} Qg6 {[%clk 00:09:50]} {[%emt 00:04:53]}
32. Qxc5 {[%clk 00:07:09]} {[%emt 00:03:47]} Qxb1+ {[%clk 00:09:41]} {[%emt
00:00:38]} 33. Kg2 {[%clk 00:07:25]} {[%emt 00:00:14]} Qg6 {[%clk 00:07:51]}
{[%emt 00:02:20]} 34. Qb4 {[%clk 00:05:55]} {[%emt 00:02:00]} Rb8 {[%clk
00:07:36]} {[%emt 00:00:44]} 35. c5 {[%clk 00:05:31]} {[%emt 00:00:54]} Bc7
{[%clk 00:06:17]} {[%emt 00:01:50]} 36. d6 {[%clk 00:05:30]} {[%emt 00:00:32]}
Bd8 {[%clk 00:05:54]} {[%emt 00:00:52]} 37. c6 {[%clk 00:03:57]} {[%emt
00:02:02]} Bf6 {[%clk 00:04:31]} {[%emt 00:01:54]} 38. c7 {[%clk 00:03:45]}
{[%emt 00:00:42]} Re8 {[%clk 00:03:12]} {[%emt 00:01:50]} 39. Qxb7 {[%clk
00:03:03]} {[%emt 00:01:12]} Qf5 {[%clk 00:02:53]} {[%emt 00:00:49]} 40. Qc6
{[%clk 00:01:13]} {[%emt 00:02:19]} Kf8 {[%clk 00:00:47]} {[%emt 00:02:36]} 41.
d7 {[%clk 00:28:35]} {[%emt 00:03:08]} 1-0